000
00331nam a2200133Ia 4500
008
150201s2009 xx 000 0 und d
082
_a
610
_b
M09L
100
_a
LUNENFIELD,B.
245
_a
TB OF MEN'S HEALTH & AGING
250
_a
2ND
260
_b
INFORMA
_c
2009
650
_a
OTHER CLINICAL & NON CLINICAL BOOKS
942
_2
ddc
_c
BK
999
_c
1081
_d
1081